AFC Championship Winning Head Coaches - Statistics

General Stats
  • This quiz has been taken 12 times
  • The average score is 42 of 60
Answer Stats
Season Team Winning Coach % Correct
2024 Chiefs Andy Reid
100%
2023 Chiefs Andy Reid
100%
2022 Chiefs Andy Reid
100%
2020 Chiefs Andy Reid
100%
2019 Chiefs Andy Reid
100%
2018 Patriots Bill Belichick
91%
2017 Patriots Bill Belichick
91%
2016 Patriots Bill Belichick
91%
2014 Patriots Bill Belichick
91%
2011 Patriots Bill Belichick
91%
2007 Patriots Bill Belichick
91%
2004 Patriots Bill Belichick
91%
2003 Patriots Bill Belichick
91%
2001 Patriots Bill Belichick
91%
2005 Steelers Bill Cowher
91%
1995 Steelers Bill Cowher
91%
2012 Ravens John Harbaugh
91%
2010 Steelers Mike Tomlin
91%
2008 Steelers Mike Tomlin
91%
2025 Patriots Mike Vrabel
91%
2006 Colts Tony Dungy
91%
1984 Dolphins Don Shula
82%
1982 Dolphins Don Shula
82%
1973 Dolphins Don Shula
82%
1972 Dolphins Don Shula
82%
1971 Dolphins Don Shula
82%
1976 Raiders John Madden
82%
2021 Bengals Zac Taylor
82%
1979 Steelers Chuck Noll
73%
1978 Steelers Chuck Noll
73%
1975 Steelers Chuck Noll
73%
1974 Steelers Chuck Noll
73%
2015 Broncos Gary Kubiak
73%
1969 Chiefs Hank Stram
73%
1966 Chiefs Hank Stram
73%
1999 Titans Jeff Fisher
73%
1993 Bills Marv Levy
73%
1992 Bills Marv Levy
73%
1991 Bills Marv Levy
73%
1990 Bills Marv Levy
73%
1998 Broncos Mike Shanahan
73%
1997 Broncos Mike Shanahan
73%
1996 Patriots Bill Parcells
64%
2000 Ravens Brian Billick
64%
1989 Broncos Dan Reeves
55%
1987 Broncos Dan Reeves
55%
1986 Broncos Dan Reeves
55%
2013 Broncos John Fox
55%
1983 Raiders Tom Flores
55%
1980 Raiders Tom Flores
55%
1968 Jets Weeb Ewbank
55%
1970 Colts Don McCafferty
27%
1981 Bengals Forrest Gregg
27%
1977 Broncos Red Miller
27%
2002 Raiders Bill Callahan
18%
2009 Colts Jim Caldwell
18%
1988 Bengals Sam Wyche
18%
1967 Raiders John Rauch
9%
1985 Patriots Raymond Berry
9%
1994 Chargers Bobby Ross
0%
No matching quizzes found
Score Distribution
Percent of People with Each Score
Percentile by Number Answered
Your Score History
You have not taken this quiz